000 00983nas a2200313 4500
001 BR2018002699
003 BR-BrBNA
005 20231205131519.0
007 ta
008 230509b bl.|||p| |||| 00| 00por d
040 _aBR-BrBNA
_bpor
_cBiblioteca Nacional de Agricultura
041 _a(En)
072 _aP33
100 1 _aJacinto, A.C.P.
100 1 _aSouza, L.P. de
100 1 _aNakamura, A.T.
100 1 _aCarvalho, F.J.
100 1 _aSimão, E.
100 1 _aZocoler, J.L.
100 1 _aBergo, C.L.
245 1 _aIdioblasts formation and essential oil production in irrigated Piper aduncum
650 _aÓLEO ESSENCIAL
650 _aANÁLISE DO SOLO
650 _aIRRIGAÇÃO
773 0 _tPesquisa Agropecuária Tropical (Brazil)
_xISSN 1983-4063
_g(Oct-Dec 2018), v. 48(4) p. 447-452
_wBR2018002699
856 4 0 _uhttp://www.scielo.br/pdf/pat/v48n4/1983-4063-pat-48-04-0447.pdf
909 _a202311
_bLúcia
_c55
_dLúcia Elande
942 _2AGRIS
_n0
_cANA
999 _c255221
_d255221